| 000 | 00571nam a2200205 i 4500 | ||
|---|---|---|---|
| 001 | 110625 | ||
| 003 | ES-MaACL | ||
| 005 | 20230906185116.0 | ||
| 007 | t| | ||
| 008 | 070206s1920 sp ||||1| spa d | ||
| 080 | _a398.2(460)(082.2) | ||
| 245 | 0 | 0 | _aLeyendas y tradiciones españolas. |
| 260 |
_a[Madrid : _bLa Novela Corta, _c1920] |
||
| 300 |
_a[48] p. ; _c20 cm. |
||
| 490 | 1 |
_aLa novela corta ; _v227 |
|
| 650 | 4 |
_aLeyendas- _zEspaña. _914378 |
|
| 830 | 0 |
_aLa novela corta ; _v227 _9182142 |
|
| 852 |
_aES-MaACL _j2213-F-39 _bR.138647 |
||
| 999 |
_c110625 _d110625 |
||